Marcatori della Lazio in UEFA Europa League 2015-2016 - Statistics

Statistiche generali
  • Questo quiz è stato fatto 8 volte
  • Il punteggio medio è 13 su 18
Statistiche sulle risposte
Partita Minuto Marcatore % Corretto
Lazio - Galatasaray 3-1 72' Miroslav Klose
100%
Lazio - Rosenborg 3-1 79' Antonio Candreva
86%
Lazio - Dnipro 3-1 4' Antonio Candreva
86%
Lazio - Rosenborg 3-1 54' Felipe Anderson
86%
Lazio - Galatasaray 3-1 61' Felipe Anderson
86%
Lazio - Rosenborg 3-1 28' Alessandro Matri
71%
Saint-Étienne - Lazio 1-1 52' Alessandro Matri
71%
Lazio - Saint-Étienne 3-2 80' Lucas Biglia
71%
Lazio - Dnipro 3-1 68' Marco Parolo
71%
Lazio - Galatasaray 3-1 59' Marco Parolo
71%
Sparta Praga - Lazio 1-1 38' Marco Parolo
71%
Dnipro - Lazio 1-1 34' Sergej Milinković-Savić
71%
Galatasaray - Lazio 1-1 21' Sergej Milinković-Savić
71%
Rosenborg - Lazio 0-2 9' Filip Djordjevic
57%
Rosenborg - Lazio 0-2 29' Filip Djordjevic
57%
Lazio - Dnipro 3-1 93' Filip Djordjevic
57%
Lazio - Saint-Étienne 3-2 22' Ogenyi Onazi
57%
Lazio - Saint-Étienne 3-2 48' Wesley Hoedt
43%
Nessun quiz corrispondente trovato
Distribuzione punteggi
Percentuale di utenti per punteggio
Percentile per numero di risposta
I tuoi punteggi nel tempo
Non hai fatto questo quiz